Les tribunaux du travail en France (Record no. 73720)

MARC details
000 -LEADER
campo de control de longitud fija 00473nam a2200157 i 4500
001 - NÚMERO DE CONTROL
campo de control 73720
003 - IDENTIFICADOR DE NÚMERO DE CONTROL
campo de control ES-MaACL
005 - FECHA Y HORA DE LA ÚLTIMA TRANSACCIÓN
campo de control 20230906171913.0
007 - CAMPO FIJO DE DESCRIPCIÓN FÍSICA--INFORMACIÓN GENERAL
campo de control de longitud fija t|
008 - DATOS DE LONGITUD FIJA--INFORMACIÓN GENERAL
campo de control de longitud fija 040910s1906 fr ||||1| fre d
100 1# - ENTRADA PRINCIPAL--NOMBRE DE PERSONA
Nombre de persona Gondouin, Henry.
9 (RLIN) 58234
245 14 - MENCIÓN DEL TÍTULO
Título Les tribunaux du travail en France
Resto del título : ce qu'ils sont, ce qu'ils doivent être /
Mención de responsabilidad, etc. Henry Gondouin.
260 ## - PUBLICACIÓN, DISTRIBUCIÓN, ETC.
Lugar de publicación, distribución, etc. Caen :
Nombre del editor, distribuidor, etc. [s.n.,
Fecha de publicación, distribución, etc. 1906] (
Fabricante Imp. Ch. Vallin)
300 ## - DESCRIPCIÓN FÍSICA
Extensión 310 p. ;
Dimensiones 25 cm.
852 ## - LOCALIZACIÓN
Ubicación ES-MaACL
Número de control de estantería F-9895
Holdings
Estatus retirado Estado de pérdida Estado de daño No para préstamo Biblioteca de origen Biblioteca actual Ubicación en estantería Fecha de adquisición Fuente de adquisición Total de préstamos Signatura topográfica completa Código de barras Visto por última vez Precio de reemplazo Tipo de ítem Koha
        Biblioteca del Ateneo de Madrid Biblioteca del Ateneo de Madrid Sala Pecera Planta 2 17/01/2008     F-9895 1077163 23/02/2023 23/02/2023 Libro impreso